00358nam a2200145Ia 450000500170000000800410001704100120005808200150007010000210008524500270010625000080013326000360014150000080017765000270018520240823022440.0240823s9999||||xx |||||||||||||| ||und|| aENGLISH A005.133 P7 a"Soroka,Barry I" 0aJAVA 5 : Objects First a1st c2007bNational Book TraChennai aYES aJAVAbComputer Science